00712nam a2200193 i 4500001000700000003000900007005001700016007000300033008004100036100003900077245011500116260003300231300003500264500001800299700002800317852003200345999001900377952012200396147847ES-MaACL20230906202304.0t|071008s1968 sp ||||1| spa d1 aUztáraiz, Jerónimo de.911235010aTheorica, y práctica de Comercio, y de Marina / cGeronymo de Uztáraiz ; introducción de Gabriel Franco. aMadrid : bAguilar, c[1969] aLXVI, 18 h., 454 p. ; c24 cm. aEd. facsimil.1 aFranco, Gabriel.952223 aES-MaACLjC-37854 bR.69988 c147847d147847 00104070aATENEOMbATENEOMcDEPO2d2008-01-17eSCl0oC-37854p1154294r2023-02-23 00:00:00w2023-02-23yMONOGRAFIA